The Urban Text /
Salvato in:
| Autori principali: | , , , |
|---|---|
| Natura: | Libro |
| Lingua: | inglese |
| Pubblicazione: |
Cambridge :
MIT Press,
1991
London : 1991 |
| Edizione: | 1. vydanie |
| Soggetti: | |
| Tags: |
Nessun Tag, puoi essere il primo ad aggiungerne!!
|
MARC
| LEADER | 00000nam a22000003a 4500 | ||
|---|---|---|---|
| 001 | 0065109 | ||
| 003 | SK-STU | ||
| 005 | 20190328105854.7 | ||
| 007 | ta | ||
| 008 | 180518s ----xo-----e------000-0-----d | ||
| 020 | |a 0-262-57084-X | ||
| 040 | |a STU |b slo | ||
| 041 | 0 | |a eng | |
| 044 | |a xxu | ||
| 100 | 1 | |a Gandelsonas, Mario |4 aut | |
| 245 | 1 | 0 | |a The Urban Text / |c aut. Mario Gandelsonas, Joan Copjec, Catherine Ingraham, John Whiteman |
| 250 | |a 1. vydanie | ||
| 260 | |a Cambridge : |b MIT Press, |c 1991 | ||
| 260 | |a London : |b MIT Press, |c 1991 | ||
| 300 | |a 95 s. | ||
| 650 | 0 | 7 | |a mesto |
| 650 | 0 | 7 | |a urbanizmus - teória |
| 650 | 0 | 7 | |a urbanizmus a územné plánovanie |
| 700 | 1 | |a Copjec, Joan |4 aut | |
| 700 | 1 | |a Ingraham, Catherine |4 aut | |
| 700 | 1 | |a Whiteman, John |4 aut | |
| 996 | |b 284AU07456 |c A* 10705/U |l AAKNAR |s A |a 24 |w 0065109_0001 | ||